Eric B. & Rakim Discography - Statistics

General Stats
  • This quiz has been taken 15 times
  • The average score is 3 of 9
Answer Stats
Year Name Type % Correct
1987 Paid in Full Album
100%
1988 Follow the Leader Album
62%
1992 Don't Sweat the Technique Album
46%
1990 Let the Rhythm Hit 'Em Album
31%
2005 Gold Compilation
15%
2001 20th Century Masters - The Millennium Collection: The Best of Eric B. & Rakim Compilation
8%
2003 Classic Compilation
8%
2008 Repaid in Full: The Paid in Full Remixed Compilation
8%
2010 Rarities Edition: Paid in Full Compilation
0%
No matching quizzes found
Score Distribution
Percent of People with Each Score
Percentile by Number Answered
Your Score History
You have not taken this quiz